Word Ladder: Let Me Put My Arms Around You Quiz Stats

 Plays Quiz Updated Dec 10, 2018

Support Sporcle.
Go Orange.
Score 0/8 Timer 01:00
1 Play Today
Clue 4-Letter Rung % Correct
★'It's a dream ___ true!'★★COME★
96.6%
★Infant★★BABY★
95.9%
Walking stickCANE
94.3%
1993 film '___heads'CONE
90.4%
'The Dark Knight Rises' villainBANE
87.7%
The Who's '___ O'Riley'BABA
72.6%
'Munich' and 'Hulk' star EricBANA
72.2%
★Sam Cooke's 'Bring It On Home ___ ___' (2 words)★ ★TO ME★
65.7%

Today's Daily Dose

Missing Word
50 Cent Songs

Word Ladder
Close Gunshot

Quick Pick
Pop Punk Bands

Get the Picture
An 'S' in Disney

From the Vault

Powerful Literature

by NJSB

Sometimes the sword is as mighty as the pen.
Remove Ads.
Support Sporcle.
Get the best of Sporcle when you Go Orange. This ad-free experience offers more features, more stats, and more fun while also helping to support Sporcle. Thank you for becoming a member.

Show Comments

Extras

Top Quizzes Today


Score Distribution

Your Account Isn't Verified!

In order to create a playlist on Sporcle, you need to verify the email address you used during registration. Go to your Sporcle Settings to finish the process.

Report this User

Report this user for behavior that violates our Community Guidelines.

Details: